| 000 | 01000nam a2200253Ia 4500 | ||
|---|---|---|---|
| 003 | OSt | ||
| 005 | 20221005105306.0 | ||
| 006 | a|||||r|||| 00| 0 | ||
| 007 | ta | ||
| 008 | 221004b |||||||| |||| 00| 0 hin d | ||
| 020 |
_a9788178440569 (hbk) _c650 |
||
| 024 | _a99331 | ||
| 037 |
_b384, 25/12/2009, Eastern Book Linkers _cTextual |
||
| 040 |
_aCRL _cCRL _bhin |
||
| 041 |
_2hin _ahin |
||
| 082 | _aR65,6, P8 | ||
| 100 | _aमिश्र, हरिशंकर | ||
| 245 | 0 |
_aश्रीमद्भागवत और तुलसी - साहित्य _b तुलनात्मक अनुशीलन |
|
| 246 | _aShrīmadbhāgavat aur tulasī - sāhitya: tulanātmak anushīlana | ||
| 260 |
_aनई दिल्ली _bके. के. पब्लिकेशन भारत _c2008 |
||
| 300 |
_a329पृ0 _ccm. |
||
| 942 |
_hR65,6, P8 _cTEXL _2cc |
||
| 999 |
_c1015385 _d1015385 |
||